Are They Related? II Quiz Stats

Quiz Updated Jul 2, 2016

Also try: Are They Related?
Challenge
Share
Tweet
Embed
Score 0/16 Timer 04:00
3 Plays Today
Hint Answer % Correct
Michael Jackson:
A) Janet Jackson, or B) Jesse Jackson?
???
94.8%
Ben Stiller:
A) Jerry Stiller, or B) Phyllis Diller?
???
89.9%
Jamie Lee Curtis:
A) Janet Leigh, or B) Lindsay Lohan?
???
89.7%
Liza Minnelli:
A) Grace Kelly, or B) Judy Garland?
???
89.5%
Colin Hanks:
A) Mark Harmon, or B) Tom Hanks?
???
84.6%
Chris Pratt:
A) Anna Faris, or B) Paul Rudd?
???
81.9%
Emily Blunt:
A) Anne Hathaway, or B) John Krasinski?
???
81.1%
Melissa McCarthy:
A) Jenny McCarthy, or B) Joseph McCarthy?
???
72.1%
Hint Answer % Correct
Candace Cameron Bure:
A) James Cameron, or B) Kirk Cameron?
???
71.7%
Rip Torn:
A) Sissy Spacek, or B) Kevin Spacey?
???
70.5%
Tom Cruise:
A) Marla Maples, or B) Wiliam Mapother?
???
68.3%
Chris Elliott:
A) Abby Elliott, or B) Joe Elliott?
???
62.7%
Berry Gordy:
A) Prince, or B) Redfoo?
???
60.6%
Elle King:
A) Paul Schneider, or B) Rob Schneider?
???
58%
Jason Sudeikis:
A) George Wendt, or B) John Ratzenberger?
???
50%
Snoop Dogg:
A) Brandy, or B) Monica?
???
48.3%

You're not logged in!

Compare scores with friends on all Sporcle quizzes.
Join for Free
OR
Log In

You Might Also Like...

Show Comments

Extras

Top Quizzes Today


Score Distribution

Your Account Isn't Verified!

In order to create a playlist on Sporcle, you need to verify the email address you used during registration. Go to your Sporcle Settings to finish the process.

Report this User

Report this user for behavior that violates our Community Guidelines.

Details: